00434nam a2200157Ia 4500003000900000008004100009040001600050080001500066100001800081245008000099260003300179300001300212650001400225650001900239700001800258IN-BaIIA211028s9999 xx 000 0 eng d cIIA Library a681.3bWAS aWass, C. A. A 0aIntroduction to electronic analogue computerscC.A.A. Wass and K.C. Garner. aLondonbPergamon Pressc1956 ax, 237p. aComputers aNASA thesaurus aGarner, K. C.